EPA and Port Everglades partnership : emission inventories and reduction strategies /

Bibliographic Details
Format: Government Document eBook
Language:English
Published: [Washington, D.C.] : United States Environmental Protection Agency, Office of Transportation [and] Air Quality, June 2018.
Subjects:
Online Access:https://purl.fdlp.gov/GPO/gpo127852

MARC

Tag First Indicator Second Indicator Subfields
LEADER 00000cam a2200000 i 4500
001 in00004097921
005 20211120103255.0
006 m o d f
007 cr |||||||||||
008 180809e201806 dcuab obt f000 0 eng c
035 |a (OCoLC)on1048264059 
042 |a pcc 
043 |a n-us-fl 
040 |a ELC  |b eng  |e rda  |e pn  |c ELC  |d OCLCF  |d GPO  |d MvI 
049 |a WWW 
074 |a 0484-E (online) 
086 0 |a EP 6.52:P 82 
088 |a EPA-420-R-18-013 
245 0 0 |a EPA and Port Everglades partnership :  |b emission inventories and reduction strategies /  |c United States Environmental Protection Agency, Office of Transportation Air Quality. 
246 3 |a Environmental Protection Agency and Port Everglades partnership 
246 3 0 |a Emission inventories and reduction strategies 
264 1 |a [Washington, D.C.] :  |b United States Environmental Protection Agency, Office of Transportation [and] Air Quality,  |c June 2018. 
300 |a 1 online resource (135 unnumbered pages) :  |b color illustrations, color maps 
336 |a text  |b txt  |2 rdacontent 
337 |a computer  |b c  |2 rdamedia 
338 |a online resource  |b cr  |2 rdacarrier 
588 |a Description based on online resource, PDF version; title from cover (EPA, viewed August 9, 2018). 
500 |a "EPA-420-R-18-013." 
500 |a "June 2018." 
504 |a Includes bibliographical references. 
650 0 |a Harbors  |x Environmental aspects  |z Florida  |z Fort Lauderdale. 
651 0 |a Port Everglades (Fort Lauderdale, Fla.) 
650 0 |a Air  |x Pollution  |z Florida  |z Fort Lauderdale  |x Measurement. 
650 7 |a Air  |x Pollution  |x Measurement.  |2 fast  |0 (OCoLC)fst00802127 
650 7 |a Harbors  |x Environmental aspects.  |2 fast  |0 (OCoLC)fst00951252 
651 7 |a Florida.  |2 fast  |0 (OCoLC)fst01205150 
651 7 |a Florida  |z Fort Lauderdale  |z Port Everglades.  |2 fast  |0 (OCoLC)fst01318537 
651 7 |a United States.  |2 fast  |0 (OCoLC)fst01204155 
710 1 |a United States.  |b Environmental Protection Agency.  |b Office of Transportation and Air Quality,  |e issuing body. 
856 4 0 |u https://purl.fdlp.gov/GPO/gpo127852  |t 0 
999 f f |s dcab7193-85fd-34ed-9561-09f1ddb20de1  |i 5dc3209a-107c-3210-bfec-311338628259  |t 0 
952 f f |a Texas A&M University  |b College Station  |c Electronic Resources  |d Available Online  |t 0  |e EP 6.52:P 82  |h Superintendent of Documents classification 
998 f f |a EP 6.52:P 82  |t 0  |l Available Online